Pounder's Marine diesel engines / (Record no. 2773)

000 -LEADER
fixed length control field 00945nam a2200313 4500
006 - FIXED-LENGTH DATA ELEMENTS--ADDITIONAL MATERIAL CHARACTERISTICS--GENERAL INFORMATION
fixed length control field a||||go||d| 00| 0
007 - PHYSICAL DESCRIPTION FIXED FIELD--GENERAL INFORMATION
fixed length control field cr |||||||||||
008 - FIXED-LENGTH DATA ELEMENTS--GENERAL INFORMATION
fixed length control field 861201s1984 enka o 001 0 eng d
020 ## - INTERNATIONAL STANDARD BOOK NUMBER
International Standard Book Number 9780408011365
Terms of availability (ebook)
040 ## - CATALOGING SOURCE
Original cataloging agency IMU Kochi Library
Language of cataloging eng
044 ## - COUNTRY OF PUBLISHING/PRODUCING ENTITY CODE
MARC country code England
082 00 - DEWEY DECIMAL CLASSIFICATION NUMBER
Classification number 623.87236
Edition number 19
100 1# - MAIN ENTRY--PERSONAL NAME
Personal name Pounder, C. Coulson
Fuller form of name (Cuthbert Coulson)
240 10 - UNIFORM TITLE
Uniform title <a href="Marine diesel engines">Marine diesel engines</a>
245 10 - TITLE STATEMENT
Title Pounder's Marine diesel engines /
250 ## - EDITION STATEMENT
Edition statement 6th ed.
260 ## - PUBLICATION, DISTRIBUTION, ETC. (IMPRINT)
Place of publication, distribution, etc London :
Name of publisher, distributor, etc Butterworths,
Date of publication, distribution, etc 1984.
300 ## - PHYSICAL DESCRIPTION
Extent 1 online resource
440 #0 - SERIES STATEMENT/ADDED ENTRY--TITLE
Title Marine engineering series
500 ## - GENERAL NOTE
General note Includes index.
504 ## - BIBLIOGRAPHY, ETC. NOTE
Bibliography, etc Includes bibliography.
650 #0 - SUBJECT ADDED ENTRY--TOPICAL TERM
Topical term or geographic name as entry element Marine diesel motors.
700 1# - ADDED ENTRY--PERSONAL NAME
Personal name Wilbur, C. T.
Fuller form of name (Christopher T.)
700 1# - ADDED ENTRY--PERSONAL NAME
Personal name Wight, D. A.
Fuller form of name (Donald Alexander)
852 ## - LOCATION/CALL NUMBER
Location IMU Kochi Library
856 40 - ELECTRONIC LOCATION AND ACCESS
Uniform Resource Identifier <a href="https://www.sciencedirect.com/science/book/9780408011365">https://www.sciencedirect.com/science/book/9780408011365</a>
904 ## - LOCAL DATA ELEMENT D, LDD (RLIN)
CATALOGER Akhil Bose
942 ## - ADDED ENTRY ELEMENTS (KOHA)
Item type E-Book

No items available.



Copyright © All Rights Reserved by Indian Maritime University, Kochi Campus.
For any Suggestions/Query Contact to library or Email: library.kochi@imu.ac.in Ph:(0484)-2989402
(Web OPAC Designed by Rudra Ranjan. Maintained by IMU Kochi Library)

Powered by Koha